000
00333nam a2200133Ia 4500
005
20251222155137.0
008
251222s9999||||xx |||||||||||||| ||spa||
082
_a
MEQ.126
100
_a
D.C.BAUGHMAN.
245
0
_a
Manual de Enfermería Médico-Quirúrgica
250
_a
1ra. ed.
264
_b
Mc Graw Hill-Interam.
942
_c
LIB
999
_c
39039
_d
39039